000 00733nam a2200241Ia 4500
008 160418s9999 xx 000 0 und d
020 _a971-08-6367-3
050 _aFIL PN 62
050 _b.S46 2006
100 _aSenatin, Ruby B.
245 _aIntroduction to literature English 104 :
245 _btextbook-workbook /
245 _cRuby B. Senatin, Fe G. Centenera.
260 _aMandaluyong:
260 _bNational Book Store,
260 _c2006
300 _a215 pages :
300 _billustrations ;
300 _c22 cm.
500 _aIncludes bibliographical references.
650 _aLiterature -- Study and teaching (Higher) -- Problems, exercises, etc.
650 _xPoetry -- Study and teaching (Higher).
999 _c293384
_d293384